| 000 | 00724nam a2200181Ia 4500 | ||
|---|---|---|---|
| 008 | 151018s9999 xx 000 0 und d | ||
| 082 |
_bRBASDV56763 _a922.945 |
||
| 100 | _aस्वानंद गजानन पुंड | ||
| 245 | _aजगदगुरु आद्य शंकराचार्य | ||
| 250 | _b1 | ||
| 260 |
_bऋचा प्रकाशन मुंबई _c2004 |
||
| 300 | _a24 | ||
| 600 | _aस्वानंद गजानन पुंड | ||
| 630 | _aजगदगुरु आद्य शंकराचार्य | ||
| 700 | _aस्वानंद गजानन पुंड | ||
| 730 | _aजगदगुरु आद्य शंकराचार्य | ||
| 942 | _cBOOK | ||
| 999 |
_c1052224 _d1052221 |
||